000 00527nam a2200181Ia 4500
008 090123s9999 xx 000 0 und d
082 _b3690
100 _aएन. नरसिंहय्या
245 _aमारवाडिय माय
250 _a1
260 _c1974
300 _a168
600 _aएन. नरसिंहय्या
630 _aमारवाडिय माय
700 _aएन. नरसिंहय्या
730 _aमारवाडिय माय
942 _cBOOK
999 _c41769
_d41769